00345nam a2200133Ia 4500008004100000041000800041082001400049100001400063245004500077250001400122260003700136300003100173365000700204240624s9999 xx 000 0 und d aeng a332.1 BHO aBHOLE L M aFINANCIAL INSTITUTIONS AND MARKETS STRUC a(4th ed.) c2004aNew DelhibTata McGrawhill axxv, : 762 : p. : cm. ; 24 cRS